| Поле | Инд. | ПП | Название | Значение |
|---|---|---|---|---|
| Тип записи | a | |||
| Библиографический уровень | b | |||
| 001 | Контрольный номер | RU/IS/BASE/107016702 | ||
| 005 | Дата корректировки | 20200601191441.7 | ||
| 084 | a | Индекс другой классификации/Индекс ББК | 67.404.212.47(2Рос) | |
| 100 | 1_ | a | Автор | Апрелев К. Н. |
| 245 | a | Заглавие | Развитие жилищного законодательства и становление цивилизованного рынка жилья в России | |
| 650 | a | Основная рубрика | гражданское право | |
| a | Основная рубрика | договорное право | ||
| a | Основная рубрика | жилищное право | ||
| a | Основная рубрика | обязательственное право | ||
| a | Основная рубрика | право | ||
| 653 | a | Ключевые слова | жилищное законодательство | |
| a | Ключевые слова | Жилищный кодекс РФ | ||
| a | Ключевые слова | Россия | ||
| a | Ключевые слова | рынок жилья | ||
| 773 | t | Заглавие источника | Жилищное право | |
| d | Дата издания источника | 2003 | ||
| g | Прочая информация | № 1. - С. 38 - 40 | ||
| w | Контрольный № источника | RU/IS/BASE/106840405 | ||
| 901 | t | Тип документа | b |